000 00818 a2200205 4500
008 080821t xxu||||| |||| 00| 0 eng d
010 _aENG-85014
020 _a8172733445
_c475.00
035 _aEN-68547
037 _bD.B.Act / Pub
082 _a338.4791
100 _aMallya, Abhilash
_955
245 _aEcotourism and the community participation
_cby Abhilesah Mallya
260 _aDelhi
_bAuthorspress
_c2006
270 _aE-35/103, Jawahar Park, Laxmi Nagar,
_bDelhi
_cDelhi
_e110092
300 _axi, 199 p
_c22 cm. (Hb)
500 _aIncludes bibliographical references and index
942 _adpl
_cEN
_k338.4791 / MAL
_2ddc
_h338.4791
_mMAL
999 _c889
_d889